000 00248nam a22001097a 4500
082 _a531.112 HIN'K
100 _aHINKLL, ROLLAND T
_959744
245 _aKINEMATICS OF MACHINES
260 _aUSA
_bPRENTICE HALL
_c1953
300 _a231P
942 _cBK
999 _c569646
_d569646